| 000 | 00612nam a22001697a 4500 | ||
|---|---|---|---|
| 008 | 160630b xxu||||| |||| 00| 0 eng d | ||
| 020 | _a1579991084 | ||
| 040 |
_aKABU _cKABU |
||
| 050 |
_aMT1 _b.B58 2000 c. 1 |
||
| 100 | _aBluestine, Eric | ||
| 245 |
_aThe ways children learn music _ban introduction and practical guide to music learning theory _cEric Bluestine |
||
| 250 |
_a2nd ed. _bRevised and enlarged |
||
| 260 |
_aChicago _bGIA publications _c2000 |
||
| 300 | _axv, 207 p. | ||
| 650 |
_aMusic _vInstruction and study _xJuvenile |
||
| 942 |
_2lcc _cBK _e2nd ed. _hMT1 .B58 2000 c. 1 |
||
| 999 |
_c16029 _d16029 |
||